Simulation and Monte Carlo : with applications in finance and MCMC (Record no. 51493)
[ view plain ]
| 000 -LEADER | |
|---|---|
| fixed length control field | 00539nam a22001817a 4500 |
| 005 - DATE AND TIME OF LATEST TRANSACTION | |
| control field | 20231113150914.0 |
| 008 - FIXED-LENGTH DATA ELEMENTS--GENERAL INFORMATION | |
| fixed length control field | 231113b |||||||| |||| 00| 0 eng d |
| 020 ## - INTERNATIONAL STANDARD BOOK NUMBER | |
| International Standard Book Number | 9780470854952 |
| Qualifying information | pbk |
| 082 ## - DEWEY DECIMAL CLASSIFICATION NUMBER | |
| Classification number | 519.282 |
| Item number | DAG |
| 100 ## - MAIN ENTRY--PERSONAL NAME | |
| Personal name | Dagpunar, J.S. |
| 245 ## - TITLE STATEMENT | |
| Title | Simulation and Monte Carlo : with applications in finance and MCMC |
| 260 ## - PUBLICATION, DISTRIBUTION, ETC. | |
| Place of publication, distribution, etc. | West Sussex |
| Name of publisher, distributor, etc. | John Wiley and Sons |
| Date of publication, distribution, etc. | 2007 |
| 300 ## - PHYSICAL DESCRIPTION | |
| Extent | xiv, 333p. ; 24cm. |
| 653 ## - INDEX TERM--UNCONTROLLED | |
| Uncontrolled term | Monte Carlo method |
| 653 ## - INDEX TERM--UNCONTROLLED | |
| Uncontrolled term | Business mathematics |
| 653 ## - INDEX TERM--UNCONTROLLED | |
| Uncontrolled term | Simulation methods |
| 942 ## - ADDED ENTRY ELEMENTS (KOHA) | |
| Source of classification or shelving scheme | Dewey Decimal Classification |
| Koha item type | Book |
| Withdrawn status | Lost status | Source of classification or shelving scheme | Damaged status | Not for loan | Home library | Current library | Shelving location | Date acquired | Source of acquisition | Total Checkouts | Full call number | Barcode | Date last seen | Price effective from | Koha item type | Total Renewals | Checked out | Date last checked out |
|---|---|---|---|---|---|---|---|---|---|---|---|---|---|---|---|---|---|---|
| Dewey Decimal Classification | LRC, IIT Indore | LRC, IIT Indore | 2nd Floor - Textbook Reserve | 03/11/2023 | PO_2023-24/AP-24_26 ; Bombay Books, Mumbai ; Bill No. IN359, dt.26.10.2023 ; Price: USD 78.95 | 519.282 DAG | 36988 | 15/11/2023 | 13/11/2023 | Text/Reserve Book | ||||||||
| Dewey Decimal Classification | LRC, IIT Indore | LRC, IIT Indore | 3rd Floor - General Stack | 03/11/2023 | PO_2023-24/AP-24_26 ; Bombay Books, Mumbai ; Bill No. IN359, dt.26.10.2023 ; Price: USD 78.95 | 3 | 519.282 DAG | 36989 | 06/11/2025 | 13/11/2023 | Book | 2 | 05/05/2026 | 06/11/2025 | ||||
| Dewey Decimal Classification | LRC, IIT Indore | LRC, IIT Indore | 3rd Floor - General Stack | 03/11/2023 | PO_2023-24/AP-24_26 ; Bombay Books, Mumbai ; Bill No. IN359, dt.26.10.2023 ; Price: USD 78.95 | 2 | 519.282 DAG | 36990 | 17/04/2024 | 13/11/2023 | Book | 2 | 09/02/2024 |
